| 000 | 00661ntaaa2200229 4500 | ||
|---|---|---|---|
| 003 | 01 | ||
| 005 | 20251027202904.0 | ||
| 008 | 0714s1973 ag 01 | ||
| 020 | _a031113836X | ||
| 040 |
_aAR-BaBN _bspa _cAR-BaBN _eaacr _dRIC |
||
| 082 | _a269.8000 N31s | ||
| 100 |
_aNeighbour Jr., Ralph W _929248 |
||
| 245 | _aSÃgueme | ||
| 250 | _a1 ed. | ||
| 260 |
_aEl Paso : _bCasa Bautista de Publicaciones, _c1980, 1981 |
||
| 300 | _a126 p | ||
| 500 | _aLibro de estudio, con ejercicios de estudio por Guillermo N McElrath. Version para alumnos. | ||
| 650 |
_acreyentes nuevos _91493 |
||
| 650 | _adiscipulado | ||
| 700 | _aCartwright Jr., James | ||
| 942 | _cBK | ||
| 999 |
_c24196 _d24196 |
||